El aprendizaje de la lectoescritura desde una perspectiva constructivista
Gardado en:
| Autor Principal: | |
|---|---|
| Formato: | Libro |
| Idioma: | Lingua castelá |
| Publicado: |
Barcelona
Graó
2000
|
| Series: | Serie Lengua, 142-143
|
| Subjects: | |
| Tags: |
Engadir etiqueta
Sen Etiquetas, Sexa o primeiro en etiquetar este rexistro!
|
MARC
| LEADER | 00000nam a2200000 a 4500 | ||
|---|---|---|---|
| 001 | UCL1362 | ||
| 003 | CL-VaPUC | ||
| 008 | 030905e20000000SP |||||||||||||||||spa|d | ||
| 020 | |a 8478272208 | ||
| 082 | 0 | 4 | |a 372.4 |b DIE |2 21 |
| 100 | 0 | |a Díez de Ulzurrun Pausas, Ascen |e author |9 478329 | |
| 245 | 1 | 3 | |a El aprendizaje de la lectoescritura desde una perspectiva constructivista |
| 300 | |a v | ||
| 942 | |c BK | ||
| 945 | |d 20030905 00:00:00 |a cmena | ||
| 260 | |a Barcelona |b Graó |c 2000 | ||
| 500 | |a v.2: Actividades para realizar en el aula: lenguaje publicitario, periodístico, del comic, popular, poético y de la correspondencia | ||
| 650 | 0 | |a Enseñanza de la escritura |9 307377 | |
| 650 | 7 | |a METODO LECTOESCRITURA |2 CL-VaPUC |9 429143 | |
| 650 | 0 | |a Escritura |9 264941 | |
| 583 | |a last modification |c 20030905 00:00:00 |k Rodrigo Vera | ||
| 490 | 0 | |a Serie Lengua, 142-143 | |
| 999 | |c 304997 |d 304995 | ||
| 952 | |0 0 |1 0 |4 0 |6 372_400000000000000_DIE_2000 |7 0 |8 A |9 367896 |a FDOPOS |b FDOPOS |d 2019-11-21 |h v.2 |i 3869954 |o 372.4 DIE 2000 |p 3869954 |r 2025-01-22 |w 2019-11-21 |y BK |k MLA | ||